000 00852nam a2200217Ia 4500
999 _c40295
_d40295
001 6903
003 GE_BSU
005 20200131145313.0
008 181216s1959||||g |||||||||||||| ||geo||
040 _cGE_BSU
041 _ageo
080 _a821.353.1-32 გ-69
100 _aგორგილაძე, იხეილ.
_96642
245 _aპირველი სიყვარული :
_bმოთხრობები /
_cმიხეილ გორგილაძე ; რედ. ც. წუწუნავა.
264 _aბათუმი :
_bსახელგამი,
_c1959.
300 _a222 გვ. ;
_c21 სმ.
653 _aპირველი სიყვარული
653 _aმოთხრობები
700 _aწუწუნავა, ც.
_eრედაქტორი
_94326
942 _cBK
_2udc